000 00850nam a22002177a 4500
999 _c8822
_d8822
003 AR-CdUCM
008 190326b ||||| |||| 00| 0 spa d
040 _aMUNICIPALIDAD PROVINCIAL DEL CUSCO
_cBIBLIOTECA MUNICIPAL DEL CUSCO
082 _a985.6 /
_bR63
100 _aRíos Mencia, Jesús
_97616
245 _aJamut'aq & Kamayuq :
_bSabios Científicos y Maestros /
260 _aCusco - Perú :
_bGráfica Aguilar Graf ;
_c2012.
300 _a212 páginas ;
_bFotografías b/n , ilustraciones
_c24cm
505 _aContenido: Tópicos de astronomía -- Geometría en los andes -- Aritmética ancestral andina -- Hidrodinámica ancestral -- Tecnología en piedra...
650 _aIncas
_9303
650 _aTecnología inca
_924573
650 _aMatemática inca
_924574
650 _aFísica inca
_924575
942 _2ddc
_cLIBROS
945 _anom